Statistiken für Top 15 der betroffenen Covid-19-Länder - 22. September 2021

Klicken Sie hier um das Quiz zu spielen!

Allgemein

  • Dieses Quiz wurde 21 mal gespielt
  • Das Durchschnittsergebnis liegt bei 14 aus 26

Antwortstatistiken

Land% Korrekt
Vereinigte Staaten
95%
Deutschland
90%
Italien
90%
Brasilien
85%
Indien
85%
Frankreich
80%
Mexiko
80%
Russland
80%
Spanien
80%
Vereinigtes Königreich
75%
Niederlande
70%
Argentinien
55%
Schweden
55%
Iran
50%
Türkei
50%
Indonesien
45%
Estland
35%
Israel
30%
Kolumbien
30%
Slowenien
30%
Tschechien
30%
Litauen
25%
Uruguay
25%
Bahrain
15%
Panama
15%
Georgien
10%

Verteilung der Resultate

Perzentil nach korrekt beantworteten Fragen

Anzahl Personen mit jedem Resultat

Ihre Resultats-Entwicklung

Sie haben dieses Quiz noch nicht gespielt